000 00304nam a2200109Ia 4500
008 220714s9999 xx 000 0 und d
020 _a0 7993 0678 9
082 _aAJF MCCA
100 _aMcCallaghan, Marilee
_9122992
245 0 _aVRIEND IN NOOD
942 _cBK
_w561
_xJohn Tresidder
_y296
_zPhillipina Naude
999 _c718435
_d718434